000 01287nam a2200325 i 4500
003 DO-SdBNP
005 20250610084937.0
007 ta
008 221031b2021 dr ||||er ||| 00| 0 spa d
020 _a9789597269038
040 _aDO-SdBNP
_bspa
_cBNPHU
_erda
082 4 _222
_axxxxx
_bJ61e
100 1 _aJiménez Guethón, Reynaldo Miguel
_982613
245 1 0 _aEscenarios de políticas y desigualdades sociales :
_bvivienda, hábitat y salud en mujeres rurales en Cuba /
_cReynaldo Miguel Jiménez Guethón, Ana Isabel Peñate Leiva, María Isabel Romero Sarduy, Blanca María Munster Infante
264 1 _aSanto Domingo :
_bFundación Friedrich Ebert Stiftung,
_c2021.
300 _a11 páginas
_c30 cm.
336 _2rdacontent
_atexto
_btxt
337 _2rdamedia
_asin mediación
_bn
338 _2rdacurrier
_avolumen
_bnc
490 1 _aTrabajo y Justicia Social ;
490 1 _aPerspectiva ;
500 _aIncluye datos biográficos de los autores en la última página.
504 _aBibliografía : p. 11
590 _aInventariado, 2023/ YL
700 1 _aPeñate Leiva, Ana Isabel
_eAutora.
_979754
700 1 _aRomero Sarduy, María Isabel
_eAutora
_983927
700 1 _aMunster Infante, Blanca María
_eAutora
_983928
910 _aYLockward
942 _2ddc
_cLF2
999 _c54367
_d54367